00987 2200337 4500001002100000005001500021007000300036008004100039020002200080035002000102040001700122041000800139082001100147084001700158090002200175100002300197245012300220250000900343260003200352300003100384500003200415504002900447650001300476700003000489850001000519990002400529990002400553990002400577990002400601990002400625INLIS00000000000265620260601081840ta260601 0  a978-623-01-0050-5 a0010-0620000029 aSBPUPADbind07aind a633.18 a633.18 ZUL b a633.18 ZUL b 18-80 aZulman Harja Utama1 aBudidaya Padi Hitam dan Merah :bPada lahan Marginal dengan Sistem SBSU /cZulman Hrja Utama;editor, Ratih Indah Utami aEd.1 a--Yogyakarta :bAndi,c2019 a145 hlm. :bilus. ;c23 cm aTentang Penulis,hlm 153-154 aBibliografi, hlm 147-152 4aBudidaya0 aeditor, Ratih Indah Utami aPUPAD a34.541/DAK/DPK/2019 a34.542/DAK/DPK/2019 a34.542/DAK/DPK/2019 a34.543/DAK/DPK/2019 a34.544/DAK/DPK/2019